000 00830nam a2200217 4500
001 138128
003 ES-MaACL
005 20251120142245.0
007 t|
008 070214s1962 sp r ||||1| spa d
100 1 _aSánchez Prieto, Julián.
_9102861
245 1 0 _aEn el chozo y en Madrid
_b: versos de antaño y hogaño : con dos retratos del autor /
_cel pastor-poeta [seud.] ; prólogo de José Ortega Munilla ; juicio crítico de Concha Espina.
250 _a2ª ed., corr. y aum.
260 _aMadrid :
_bSociedad General de Autores,
_c1962.
300 _a319 p. :
_b2 il. = retr. aut. ;
_c22 cm.
700 1 _aOrtega Munilla, José,
_d1856-1922
_987477
700 1 _aEspina, Concha,
_d1869-1955
_947834
852 _aES-MaACL
_jC-21911
_bR.50324
852 _aES-MaACL
_jC-23482
_bR.52395
999 _c138128
_d138128